El informe de Brodie
Uloženo v:
| Hlavní autor: | |
|---|---|
| Médium: | Kniha |
| Jazyk: | Undetermined |
| Vydáno: |
Madrid, España
Editorial Alianza
1999
|
| Témata: | |
| Tagy: |
Přidat tag
Žádné tagy, Buďte první, kdo vytvoří štítek k tomuto záznamu!
|
MARC
| LEADER | 00000nam a2200000Ia 4500 | ||
|---|---|---|---|
| 008 | 170316s9999 xx 000 0 und d | ||
| 040 | |a cru BVZT | ||
| 090 | |a 860 B-32i | ||
| 100 | |a Borges, Jorge Luis |9 1174 | ||
| 245 | |a El informe de Brodie |c / Jorge Luis Borges | ||
| 260 | |a Madrid, España |b Editorial Alianza |c 1999 | ||
| 300 | |a 123 páginas | ||
| 650 | |a LITERATURA LATINOAMERICANA |9 15 | ||
| 650 | |a GÉNERO REALISTA |9 1202 | ||
| 999 | |c 8432 |d 8432 | ||
| 942 | |c 4 D |h 860 B-32i |2 z | ||
